[Event "VIII Open A"]
[Site "Vicenza ITA"]
[Date "2004.10.02"]
[Round "1"]
[White "Faccia, Sergio"]
[Black "Rossi, Gianni"]
[Result "1/2-1/2"]
[WhiteElo "2005"]
[BlackElo "2187"]
[PlyCount "44"]
[EventDate "2004.10.02"]

1. e4 Nf6 2. Bc4 d5 3. exd5 Nxd5 4. d4 Bf5 5. Nf3 e6 6. Bb3 Be7 7. c4 Nb6 8.
O-O O-O 9. Nc3 Nc6 10. Be3 Na5 11. Qe2 Nxb3 12. axb3 c6 13. h3 Re8 14. Ne5 a6
15. Rfd1 Nd7 16. Bf4 Nf6 17. c5 Nd5 18. Bg3 Bg5 19. Ne4 Bxe4 20. Qxe4 f5 21.
Qf3 Qf6 22. Nd7 Qf7 1/2-1/2

[Event "VIII Open A"]
[Site "Vicenza ITA"]
[Date "2004.10.02"]
[Round "1"]
[White "Luciani, Valerio"]
[Black "Petruk, Mykola"]
[Result "1-0"]
[WhiteElo "2182"]
[BlackElo "2009"]
[PlyCount "121"]
[EventDate "2004.10.02"]

1. d4 e6 2. c4 d5 3. Nc3 Nf6 4. cxd5 exd5 5. Bg5 Be7 6. e3 h6 7. Bh4 c6 8. Qc2
Ne4 9. Bxe7 Qxe7 10. Nxd5 cxd5 11. Qxc8+ Qd8 12. Bb5+ Nc6 13. Bxc6+ bxc6 14.
Qxc6+ Kf8 15. Ne2 Rc8 16. Qb5 Kg8 17. Rc1 Rb8 18. Qa6 Kh7 19. b3 Qd7 20. O-O
Rb6 21. Qd3 g6 22. Rc2 Rc8 23. Rfc1 Rxc2 24. Rxc2 Rc6 25. f3 Nf6 26. Rxc6 Qxc6
27. Qc3 Qa6 28. Nc1 Qe6 29. Kf2 Qf5 30. Qc7 Kg7 31. Ke2 Qb1 32. Kd2 Qb2+ 33.
Qc2 Qa3 34. Nd3 Qd6 35. Ne5 Qb4+ 36. Kd1 Qa5 37. a4 Qb6 38. Qc3 Qa6 39. Ke1 Qb7
40. b4 Nd7 41. Nxd7 Qxd7 42. b5 Qf5 43. Qb3 Qh5 44. h3 Qg5 45. Kf1 Qd8 46. Qc3
Qb6 47. Ke2 h5 48. Kd2 Qd6 49. Kc2 Qg3 50. Qd2 Qc7+ 51. Kb3 Qc4+ 52. Ka3 Qc7
53. e4 dxe4 54. fxe4 Qe7+ 55. Kb3 Qxe4 56. d5 Kf8 57. Qb4+ Qxb4+ 58. Kxb4 Ke7
59. Kc5 Kd7 60. a5 g5 61. a6 1-0

[Event "VIII Open A"]
[Site "Vicenza ITA"]
[Date "2004.10.02"]
[Round "1"]
[White "Opacic, Alexandar"]
[Black "Martinello, Christian"]
[Result "0-1"]
[WhiteElo "2105"]
[BlackElo "1949"]
[PlyCount "109"]
[EventDate "2004.10.02"]

1. e4 e6 2. d4 d5 3. Nd2 Nf6 4. e5 Nfd7 5. Bd3 c5 6. c3 Nc6 7. Ne2 cxd4 8. cxd4
Nb6 9. O-O a5 10. f4 g6 11. Nf3 Bd7 12. Bd2 Nb4 13. Bb1 Bb5 14. a3 Nd3 15. Bc3
Nxf4 16. Nxf4 Bxf1 17. Qxf1 Bh6 18. Qb5+ Nd7 19. Bd2 Bg7 20. b4 b6 21. h4 O-O
22. Bd3 Qe7 23. Re1 Rfc8 24. h5 Qe8 25. hxg6 hxg6 26. Bb1 axb4 27. Bxb4 Bh6 28.
g3 Bf8 29. Qf1 Bxb4 30. axb4 Nf8 31. Qh3 Nh7 32. Qg4 Qf8 33. Kf2 Qg7 34. Rh1
Rc3 35. Ne2 Rb3 36. Rc1 Nf8 37. Qf4 Rxb4 38. Nh2 Ra1 39. Bd3 Rxc1 40. Qxc1 Nh7
41. Ng4 Qf8 42. Qc3 Ra4 43. Qc2 Ra8 44. Ke3 Rc8 45. Qb1 Qd8 46. Nh6+ Kg7 47.
Nxf7 Kxf7 48. Bxg6+ Kg7 49. Bxh7 Qg5+ 50. Kf2 Rf8+ 51. Ke1 Rh8 52. Qxb6 Rxh7
53. Qxe6 Rh1+ 54. Kf2 Rh2+ 55. Kf3 {...} 0-1

[Event "VIII Open A"]
[Site "Vicenza ITA"]
[Date "2004.10.02"]
[Round "1"]
[White "Paler, Adrian"]
[Black "De Napoli, Giuseppe"]
[Result "0-1"]
[WhiteElo "1942"]
[BlackElo "2097"]
[PlyCount "74"]
[EventDate "2004.10.02"]

1. d4 Nf6 2. c4 g6 3. Nc3 Bg7 4. e4 d6 5. Nf3 O-O 6. Be2 e5 7. O-O Nc6 8. d5
Ne7 9. Ne1 Ne8 10. Be3 f5 11. f3 f4 12. Bf2 g5 13. Nd3 Ng6 14. b4 Rf7 15. c5
Bf8 16. Rc1 h5 17. a4 Rg7 18. Rc2 Nh4 19. Bxh4 gxh4 20. Kh1 Qg5 21. Rg1 Nf6 22.
cxd6 Bxd6 23. Nb5 Kh8 24. Qc1 Bd7 25. Nxd6 cxd6 26. b5 Rag8 27. Rc7 h3 28. Bf1
Qh4 29. Qe1 Rg3 30. Rxb7 hxg2+ 31. Rxg2 Bh3 32. Rxg3 fxg3 33. Bxh3 Qxh3 34. Qe2
gxh2 35. Qf2 Rg1+ 36. Qxg1 hxg1=Q+ 37. Kxg1 Qg3+ 0-1

[Event "VIII Open A"]
[Site "Vicenza ITA"]
[Date "2004.10.02"]
[Round "1"]
[White "Roberti, Ignazio"]
[Black "Danieli, Enrico"]
[Result "0-1"]
[WhiteElo "1960"]
[BlackElo "2142"]
[PlyCount "100"]
[EventDate "2004.10.02"]

1. e4 c6 2. d4 d5 3. f3 dxe4 4. fxe4 e5 5. Nf3 exd4 6. Bc4 Nf6 7. e5 Nd5 8.
Qxd4 b6 9. Bg5 Qc7 10. Bxd5 cxd5 11. Nc3 Bc5 12. Nxd5 Qc6 13. Qf4 Be6 14. Nf6+
gxf6 15. Qxf6 Qe4+ 16. Kd1 O-O 17. Bh6 Qg6 18. Bxf8 Bxf8 19. Qd8 Qe4 20. Qg5+
Qg6 21. Qd8 Bf5 22. Ke1 Be4 23. Rd1 Na6 24. Qf6 Qxf6 25. exf6 Bxc2 26. Rd4 Bb4+
27. Kf1 Re8 28. g3 Be4 29. Kg2 Bc5 30. Rd7 Bc6 31. Rd3 Nb4 32. Rd2 Nd5 33. Kh3
Nxf6 34. Rf1 Ne4 35. Rc2 Bb5 36. Rfc1 Nf2+ 37. Kg2 Ng4 38. Kh3 Bd7 39. Kh4 Ne3
40. Rxc5 bxc5 41. Rxc5 Re4+ 42. Kg5 Kg7 43. Ne5 Rxe5+ 44. Rxe5 f6+ 45. Kf4 Ng2+
46. Kf3 Bc6+ 47. Re4 f5 48. Kxg2 fxe4 49. Kf2 Kf6 50. Ke3 Ke5 0-1

[Event "VIII Open A"]
[Site "Vicenza ITA"]
[Date "2004.10.02"]
[Round "1"]
[White "Rostolis, Riccardo"]
[Black "Giuriato, Sergio"]
[Result "1/2-1/2"]
[WhiteElo "1748"]
[BlackElo "2020"]
[PlyCount "47"]
[EventDate "2004.10.02"]

1. e4 Nc6 2. d4 d5 3. e5 Bf5 4. Bb5 Qd7 5. Nc3 a6 6. Ba4 e6 7. Nge2 b5 8. Bb3
Na5 9. Ng3 Bg6 10. Bg5 c5 11. dxc5 Bxc5 12. Qe2 Nxb3 13. axb3 Bb4 14. O-O Bxc3
15. bxc3 Qc6 16. Qe3 Ne7 17. Bxe7 Kxe7 18. f4 Rhc8 19. f5 exf5 20. Nxf5+ Bxf5
21. Rxf5 Qg6 22. Qf3 Qe6 23. Rd1 Rd8 24. Rd4 1/2-1/2

[Event "VIII Open A"]
[Site "Vicenza ITA"]
[Date "2004.10.02"]
[Round "1"]
[White "Solinas, Carlo"]
[Black "De Mori, Michele"]
[Result "1-0"]
[WhiteElo "2094"]
[BlackElo "1928"]
[PlyCount "45"]
[EventDate "2004.10.02"]

1. e4 e5 2. d4 Nc6 3. Nf3 exd4 4. Bc4 Bc5 5. c3 Nf6 6. cxd4 Bb4+ 7. Bd2 Bxd2+
8. Nbxd2 d6 9. d5 Ne7 10. O-O O-O 11. Re1 Ng6 12. Qc2 Bd7 13. Rad1 Ng4 14. h3
N4e5 15. Bb3 f5 16. Nxe5 Nxe5 17. f4 Ng6 18. e5 Be8 19. g3 Kh8 20. Nf3 h6 21.
Qe2 Qd7 22. Nd4 Rg8 23. e6 1-0

[Event "VIII Open A"]
[Site "Vicenza ITA"]
[Date "2004.10.02"]
[Round "1"]
[White "Ventura, Boris"]
[Black "Zarpellon, Daniel"]
[Result "0-1"]
[WhiteElo "2179"]
[BlackElo "1985"]
[PlyCount "60"]
[EventDate "2004.10.02"]

1. e4 d6 2. d4 e5 3. Nf3 exd4 4. Nxd4 g6 5. Nc3 Bg7 6. Bc4 Nf6 7. Bg5 Nc6 8. f3
a6 9. Qd2 Nxd4 10. Qxd4 h6 11. Bh4 g5 12. Bf2 Be6 13. O-O-O Nh5 14. Qd3 Nf4 15.
Qf1 b5 16. Bd5 Rb8 17. g3 b4 18. Ne2 Nxe2+ 19. Qxe2 c5 20. Bc6+ Kf8 21. Bxc5
Qa5 22. Bxd6+ Kg8 23. e5 Rc8 24. Bb7 Rc4 25. b3 Qxa2 26. Bxb4 Rxb4 27. Rd8+ Bf8
28. Qxa6 Qxa6 29. Bxa6 Kg7 30. h4 Rb6 0-1

[Event "VIII Open A"]
[Site "Vicenza ITA"]
[Date "2004.10.02"]
[Round "1"]
[White "Verducci, Gianni"]
[Black "Drezzadore, Dario"]
[Result "1-0"]
[WhiteElo "2045"]
[BlackElo "1841"]
[PlyCount "59"]
[EventDate "2004.10.02"]

1. e4 e6 2. d4 d5 3. Nc3 Nf6 4. Bg5 Be7 5. e5 Nfd7 6. h4 a6 7. Bxe7 Qxe7 8. Qg4
f6 9. Bd3 fxe5 10. dxe5 c5 11. Nf3 Nc6 12. Bxh7 Ncxe5 13. Nxe5 Nxe5 14. Qh5+
Kd8 15. O-O-O Qf6 16. Rhe1 Bd7 17. Rxe5 Rxh7 18. Qxh7 Qxe5 19. Qg8+ Kc7 20.
Qxa8 Bc8 21. Qa7 Kc6 22. Kb1 Qc7 23. g4 d4 24. Ne4 Qe5 25. Qxc5+ Qxc5 26. Nxc5
Kxc5 27. Re1 Kd5 28. f4 Bd7 29. Re5+ Kd6 30. Rg5 1-0

[Event "VIII Open A"]
[Site "Vicenza ITA"]
[Date "2004.10.03"]
[Round "2"]
[White "Bdair, Bilal"]
[Black "Roberti, Ignazio"]
[Result "1/2-1/2"]
[WhiteElo "2004"]
[BlackElo "1960"]
[PlyCount "92"]
[EventDate "2004.10.02"]

1. d4 Nf6 2. c4 c5 3. d5 e6 4. Nc3 exd5 5. cxd5 d6 6. e4 g6 7. f4 Bg7 8. Bb5+
Bd7 9. e5 Qe7 10. Qe2 Nh5 11. Nf3 O-O 12. O-O Bf5 13. Re1 Nd7 14. Bxd7 Bxd7 15.
Nb5 Bxb5 16. Qxb5 Bh6 17. g3 b6 18. a4 Qb7 19. Qd3 Rfe8 20. Bd2 Rad8 21. e6 Nf6
22. exf7+ Qxf7 23. Rad1 Nxd5 24. Rxe8+ Rxe8 25. f5 Bxd2 26. Rxd2 Re3 27. Qxd5
Qxd5 28. Rxd5 Rxf3 29. fxg6 hxg6 30. Rxd6 Kg7 31. Rd7+ Rf7 32. Rd6 Rf6 33. Rd7+
Rf7 34. Rd3 a6 35. Kg2 b5 36. axb5 axb5 37. Rd5 Rc7 38. Kf3 Kf7 39. Ke3 Ke6 40.
Rg5 Kf6 41. h4 Rc8 42. Kd3 Rc7 43. Kc3 Rc8 44. Rd5 Ke6 45. Rg5 Kf6 46. Rd5 Ke6
1/2-1/2

[Event "VIII Open A"]
[Site "Vicenza ITA"]
[Date "2004.10.03"]
[Round "2"]
[White "Castellano, Alfonso"]
[Black "Opacic, Alexandar"]
[Result "0-1"]
[WhiteElo "1881"]
[BlackElo "2105"]
[PlyCount "64"]
[EventDate "2004.10.02"]

1. c4 e5 2. g3 Bc5 3. Bg2 c6 4. Nc3 a5 5. e3 Qe7 6. Nge2 Nf6 7. O-O d6 8. d4
Bb6 9. Qc2 O-O 10. b3 Re8 11. Ba3 Na6 12. Na4 Bc7 13. dxe5 Qxe5 14. Bb2 Qe7 15.
Rfd1 Nb4 16. Qc3 Bg4 17. Rd2 Rad8 18. a3 Na6 19. Nd4 Nc5 20. Nxc5 dxc5 21. Nf3
Rxd2 22. Qxd2 Ne4 23. Qc2 f6 24. Rd1 Qe6 25. a4 Qe7 26. Qc1 Qe6 27. Qc2 Qf5 28.
Qe2 Ng5 29. e4 Nxf3+ 30. Bxf3 Qxf3 31. Qxf3 Bxf3 32. Rd7 Rd8 0-1

[Event "VIII Open A"]
[Site "Vicenza ITA"]
[Date "2004.10.03"]
[Round "2"]
[White "Danieli, Enrico"]
[Black "Dvirnyy, Danyyil"]
[Result "0-1"]
[WhiteElo "2142"]
[BlackElo "2087"]
[PlyCount "153"]
[EventDate "2004.10.02"]

1. d4 Nf6 2. Nf3 g6 3. Nc3 Bg7 4. e4 d6 5. Be2 O-O 6. O-O Nc6 7. Be3 Bg4 8. h3
Bxf3 9. Bxf3 e5 10. d5 Ne7 11. Qd2 Nd7 12. g3 f5 13. Bg2 Nf6 14. exf5 gxf5 15.
Ne2 Qe8 16. c4 Qg6 17. Rac1 Rf7 18. c5 Nh5 19. cxd6 cxd6 20. Qd3 f4 21. Be4 Qg5
22. Bd2 Nf6 23. Rc7 Nxe4 24. Qxe4 Qh5 25. Kh2 Raf8 26. g4 Qg6 27. Qxg6 hxg6 28.
Nc3 Nc8 29. Rxf7 Rxf7 30. Ne4 Rc7 31. Rc1 Rxc1 32. Bxc1 Kf7 33. Kg2 Bf8 34. Kf3
Nb6 35. Nc3 Be7 36. b3 a6 37. Ba3 Ke8 38. Bb4 Kd7 39. Ba5 Na8 40. Na4 Ke8 41.
Ke4 Bh4 42. Be1 b5 43. Nb2 Nb6 44. Bb4 Be7 45. Nd3 Nd7 46. g5 a5 47. Bxa5 Bxg5
48. Nb4 Nf6+ 49. Kd3 e4+ 50. Ke2 f3+ 51. Ke1 Bc1 52. Bb6 Ba3 53. Nc2 Nxd5 54.
Nxa3 Nxb6 55. Nxb5 Kd7 56. a4 Kc6 57. Kd2 Kc5 58. b4+ Kc6 59. Nc3 Nc4+ 60. Ke1
d5 61. a5 Nd6 62. a6 d4 63. b5+ Kb6 64. Nd5+ Ka7 65. Ne7 Nxb5 66. Nxg6 Nd6 67.
Ne5 Nf5 68. h4 Kxa6 69. h5 Nh6 70. Nc6 d3 71. Kd2 Kb5 72. Ne5 Kc5 73. Nxd3+ Kd4
74. Ne1 Ng4 75. Nc2+ Ke5 76. Ke1 Kf4 77. Nb4 0-1

[Event "VIII Open A"]
[Site "Vicenza ITA"]
[Date "2004.10.03"]
[Round "2"]
[White "De Mori, Michele"]
[Black "Ventura, Boris"]
[Result "1-0"]
[WhiteElo "1928"]
[BlackElo "2179"]
[PlyCount "61"]
[EventDate "2004.10.02"]

1. d4 d5 2. Nf3 Nc6 3. Bf4 Nf6 4. Nbd2 Bf5 5. c3 h6 6. h3 e6 7. Qa4 Bd6 8. Ne5
O-O 9. Nxc6 bxc6 10. Be3 Rb8 11. g4 Bg6 12. b3 e5 13. Bg2 exd4 14. cxd4 Rb6 15.
Rc1 Qa8 16. O-O Qb7 17. b4 Bxb4 18. Nf3 Be4 19. Ne5 Bxg2 20. Kxg2 c5 21. dxc5
Ra6 22. c6 Rxa4 23. cxb7 Bd6 24. Nc6 Nd7 25. Bxa7 Rxa2 26. b8=Q Nxb8 27. Bxb8
Rxe2 28. Rfe1 Rb2 29. Bxc7 Bxc7 30. Ne7+ Kh8 31. Rxc7 1-0

[Event "VIII Open A"]
[Site "Vicenza ITA"]
[Date "2004.10.03"]
[Round "2"]
[White "De Napoli, Giuseppe"]
[Black "Verducci, Gianni"]
[Result "1/2-1/2"]
[WhiteElo "2097"]
[BlackElo "2045"]
[PlyCount "111"]
[EventDate "2004.10.02"]

1. d4 d5 2. Nf3 Nf6 3. e3 g6 4. Bd3 Bg7 5. O-O O-O 6. Ne5 c5 7. c3 Nbd7 8. f4
Qb6 9. Nd2 cxd4 10. cxd4 Nxe5 11. fxe5 Ng4 12. Nf3 Bd7 13. Qe2 Rac8 14. h3 Nh6
15. Nh4 f6 16. exf6 Bxf6 17. Nf3 Nf5 18. Qe1 Qd6 19. Bd2 Ng3 20. Bb4 Qb8 21.
Rf2 Ne4 22. Bxe4 dxe4 23. Ne5 Bxe5 24. Rxf8+ Rxf8 25. dxe5 Qxe5 26. Bc3 Qg5 27.
Qe2 Bxh3 28. Qc4+ Rf7 29. Qxe4 Qf5 30. Qh4 Bg4 31. Qg3 Rf8 32. Re1 Qe4 33. Rf1
Rxf1+ 34. Kxf1 Qb1+ 35. Kf2 Qc2+ 36. Kg1 Qe4 37. Qb8+ Kf7 38. Qxa7 Be6 39. Qd4
Qxd4 40. Bxd4 Bxa2 41. Kf2 Ke6 42. Kf3 Kf5 43. e4+ Kg5 44. Be3+ Kf6 45. Bd4+ e5
46. Bc3 Bb1 47. Ba5 h6 48. Bd8+ Ke6 49. Bc7 b5 50. Ke3 b4 51. Ba5 b3 52. Bb4 h5
53. Be1 g5 54. Ba5 Bc2 55. Bd8 g4 56. g3 1/2-1/2

[Event "VIII Open A"]
[Site "Vicenza ITA"]
[Date "2004.10.03"]
[Round "2"]
[White "Drezzadore, Dario"]
[Black "Cracco, Pietro"]
[Result "1/2-1/2"]
[WhiteElo "1841"]
[BlackElo "2000"]
[PlyCount "62"]
[EventDate "2004.10.02"]

1. e4 e6 2. d4 d5 3. e5 c5 4. c3 Nc6 5. Nf3 Bd7 6. Bd3 Rc8 7. O-O cxd4 8. cxd4
Nb4 9. Nc3 Nxd3 10. Qxd3 Qb6 11. Re1 Ne7 12. Rb1 Nf5 13. Nxd5 exd5 14. e6 Bxe6
15. Qxf5 Be7 16. Qd3 O-O 17. Bd2 Bf6 18. Ne5 Rfe8 19. Bc3 g6 20. Qg3 Bg7 21.
Rbd1 Rc7 22. a3 Rcc8 23. Rd3 Bf5 24. Rde3 Be6 25. Qf4 Qd8 26. Nd3 Bd7 27. Qd6
Rxe3 28. Rxe3 Bc6 29. Qxd8+ Rxd8 30. Re7 Bf8 31. Re3 Bb5 1/2-1/2

[Event "VIII Open A"]
[Site "Vicenza ITA"]
[Date "2004.10.03"]
[Round "2"]
[White "Gennari, Leone"]
[Black "Rostolis, Riccardo"]
[Result "1-0"]
[WhiteElo "2079"]
[BlackElo "1748"]
[PlyCount "81"]
[EventDate "2004.10.02"]

1. d4 Nf6 2. c4 g6 3. Nc3 Bg7 4. e4 d6 5. f3 O-O 6. Be3 Nc6 7. Qd2 e5 8. d5 Ne7
9. Bd3 Ne8 10. O-O-O f5 11. exf5 gxf5 12. Nge2 f4 13. Bf2 Bf5 14. Ne4 c6 15.
N2c3 Nc7 16. Bh4 Qd7 17. Bc2 Ng6 18. Bf2 Bxe4 19. Bxe4 Rfd8 20. Rdg1 Ne7 21.
Qd3 h6 22. g4 cxd5 23. cxd5 Rac8 24. Kb1 b5 25. a3 a5 26. b4 axb4 27. axb4 Na6
28. Na2 Rc4 29. Qb3 Qb7 30. Rc1 Rdc8 31. Rhd1 Nb8 32. Rc3 Rxc3 33. Nxc3 Nd7 34.
h4 Nb6 35. Nxb5 Nc4 36. Nc3 Na5 37. Qa3 Nc4 38. Qa4 Ra8 39. Qb3 Na5 40. Qa2
Nac6 41. dxc6+ 1-0

[Event "VIII Open A"]
[Site "Vicenza ITA"]
[Date "2004.10.03"]
[Round "2"]
[White "Giuriato, Sergio"]
[Black "Casciello, Dimitri"]
[Result "1/2-1/2"]
[WhiteElo "2020"]
[BlackElo "1856"]
[PlyCount "91"]
[EventDate "2004.10.02"]

1. d4 Nf6 2. c4 g6 3. Nf3 Bg7 4. g3 O-O 5. Bg2 d6 6. O-O Nbd7 7. Qc2 e5 8. Rd1
Qe7 9. Nc3 c6 10. e4 Re8 11. h3 exd4 12. Nxd4 Nc5 13. f3 Nh5 14. Nde2 Be6 15.
g4 Nf6 16. Bf4 Rad8 17. b3 d5 18. cxd5 cxd5 19. Nb5 Na6 20. Rac1 b6 21. Nc7
Nxc7 22. Qxc7 Rd7 23. Qc2 Red8 24. e5 Ne8 25. Nd4 Rc7 26. Qd2 Rdc8 27. Bf1 h6
28. Ba6 Rxc1 29. Rxc1 Rc5 30. Rc2 Nc7 31. Bd3 Bd7 32. Qe3 Rxc2 33. Bxc2 Qc5 34.
Bd3 Ne6 35. Nxe6 Bxe6 36. Qxc5 bxc5 37. Kf2 Kf8 38. Ke2 Ke8 39. Be3 d4 40. Bf4
Kd7 41. Bg3 g5 42. f4 gxf4 43. Bxf4 Bd5 44. h4 Be6 45. Kf3 Bd5+ 46. Ke2 1/2-1/2

[Event "VIII Open A"]
[Site "Vicenza ITA"]
[Date "2004.10.03"]
[Round "2"]
[White "Lain, Luigi"]
[Black "Solinas, Carlo"]
[Result "1-0"]
[WhiteElo "2262"]
[BlackElo "2094"]
[PlyCount "59"]
[EventDate "2004.10.02"]

1. d4 Nf6 2. c4 g6 3. f3 Bg7 4. e4 d6 5. Nc3 O-O 6. Be3 Nc6 7. Nge2 a6 8. Qd2
Rb8 9. O-O-O b5 10. g4 e5 11. d5 Na5 12. Ng3 bxc4 13. Nb1 Nd7 14. h4 Nc5 15.
Qh2 Qd7 16. h5 Nab3+ 17. axb3 Nxb3+ 18. Kc2 Qa4 19. Be2 Bd7 20. hxg6 fxg6 21.
Qxh7+ Kf7 22. Rh6 Nd4+ 23. Kd2 Qc2+ 24. Ke1 Nxe2 25. Qxg6+ Kg8 26. Rh7 Rf7 27.
Bh6 Kf8 28. Rxg7 Rxg7 29. Qxg7+ Ke8 30. Qf8# 1-0

[Event "VIII Open A"]
[Site "Vicenza ITA"]
[Date "2004.10.03"]
[Round "2"]
[White "Martinello, Christian"]
[Black "Luciani, Valerio"]
[Result "0-1"]
[WhiteElo "1949"]
[BlackElo "2182"]
[PlyCount "25"]
[EventDate "2004.10.02"]

1. d4 Nf6 2. Nf3 b6 3. Bf4 Bb7 4. e3 e6 5. Nbd2 d5 6. Bd3 Bd6 7. Ne5 Bxe5 8.
Bxe5 Nbd7 9. Bxf6 Qxf6 10. f4 Qe7 11. c3 f6 12. Qh5+ Qf7 13. Bg6 0-1

[Event "VIII Open A"]
[Site "Vicenza ITA"]
[Date "2004.10.03"]
[Round "2"]
[White "Petruk, Mykola"]
[Black "Paler, Adrian"]
[Result "1/2-1/2"]
[WhiteElo "2009"]
[BlackElo "1942"]
[PlyCount "76"]
[EventDate "2004.10.02"]

1. d4 Nf6 2. c4 g6 3. Nc3 Bg7 4. e4 d6 5. f4 O-O 6. Nf3 e5 7. dxe5 dxe5 8. Qxd8
Rxd8 9. fxe5 Ng4 10. Nd5 Nc6 11. Bg5 Rd7 12. h3 Ngxe5 13. O-O-O Kf8 14. Be2 h6
15. Nxe5 Nxe5 16. Nxc7 Rb8 17. Rxd7 Bxd7 18. Be3 Rc8 19. Bc5+ Kg8 20. Bd6 Bc6
21. Bxe5 Bxe5 22. Nd5 Kg7 23. Kc2 b5 24. b3 f5 25. Kd3 bxc4+ 26. bxc4 Kf7 27.
Rf1 Ke6 28. exf5+ gxf5 29. Rxf5 Bxd5 30. cxd5+ Kxd5 31. Bf3+ Kd6 32. Bd1 Rc3+
33. Kd2 Rg3 34. Bf3 Rg7 35. Kd3 Rc7 36. Be4 Rc3+ 37. Kd2 Ra3 38. Bb1 Rg3
1/2-1/2

[Event "VIII Open A"]
[Site "Vicenza ITA"]
[Date "2004.10.03"]
[Round "2"]
[White "Quaranta, Cristiano"]
[Black "Faccia, Sergio"]
[Result "0-1"]
[WhiteElo "2091"]
[BlackElo "2005"]
[PlyCount "26"]
[EventDate "2004.10.02"]

1. d4 e5 2. e4 exd4 3. Nf3 Nc6 4. Nxd4 Bc5 5. Nxc6 bxc6 6. Bc4 Qh4 7. Qe2 Nf6
8. Nc3 O-O 9. O-O d5 10. exd5 Ng4 11. Bf4 Nxf2 12. Be3 Ng4 13. g3 Bxe3+ 0-1

[Event "VIII Open A"]
[Site "Vicenza ITA"]
[Date "2004.10.03"]
[Round "2"]
[White "Rossi, Gianni"]
[Black "Cora', Massimo"]
[Result "1-0"]
[WhiteElo "2187"]
[BlackElo "1898"]
[PlyCount "37"]
[EventDate "2004.10.02"]

1. d4 Nf6 2. f3 c5 3. d5 e6 4. e4 exd5 5. e5 Qe7 6. Qe2 Ng8 7. Nc3 Qh4+ 8. g3
Qb4 9. Bd2 Nc6 10. Nb5 Nd4 11. Bxb4 Nxe2 12. Nxe2 cxb4 13. Nc7+ Kd8 14. Nxa8 d6
15. O-O-O Be6 16. Nf4 dxe5 17. Nxd5 Bxd5 18. Rxd5+ Kc8 19. Bh3+ 1-0

[Event "VIII Open A"]
[Site "Vicenza ITA"]
[Date "2004.10.03"]
[Round "2"]
[White "Zarpellon, Daniel"]
[Black "Cacco, Christian"]
[Result "0-1"]
[WhiteElo "1985"]
[BlackElo "2280"]
[PlyCount "96"]
[EventDate "2004.10.02"]

1. d4 c5 2. e3 Nf6 3. Nf3 d5 4. b3 Bg4 5. Bb5+ Nc6 6. O-O cxd4 7. exd4 e6 8. c4
Bd6 9. Bxc6+ bxc6 10. c5 Bc7 11. Bg5 O-O 12. Qd3 h6 13. Bh4 g5 14. Bg3 Nd7 15.
Nbd2 a5 16. Rae1 Bf5 17. Qe2 f6 18. Bxc7 Qxc7 19. h3 Rfe8 20. Nh2 Kg7 21. Qf3
Bg6 22. Qg3 Qxg3 23. fxg3 e5 24. dxe5 fxe5 25. Ndf3 Bd3 26. Rf2 Be4 27. Rc1
Rab8 28. Nd2 Bg6 29. Ndf3 Rb4 30. Rd2 Nf6 31. Ng4 Nxg4 32. hxg4 Rxg4 33. Re2
Re4 34. Rce1 g4 35. Rxe4 Bxe4 36. Nd2 Bg6 37. Re3 e4 38. Re1 Kf6 39. b4 axb4
40. Nb3 Ra8 41. Nd4 Be8 42. Rf1+ Ke5 43. Nf5 Rxa2 44. Nxh6 b3 45. Nxg4+ Kd4 46.
Rb1 b2 47. Kf2 e3+ 48. Nxe3 Bg6 0-1

[Event "VIII Open A"]
[Site "Vicenza ITA"]
[Date "2004.10.03"]
[Round "3"]
[White "Cacco, Christian"]
[Black "Luciani, Valerio"]
[Result "1-0"]
[WhiteElo "2280"]
[BlackElo "2182"]
[PlyCount "69"]
[EventDate "2004.10.02"]

1. d4 d5 2. Nf3 c6 3. Bf4 Bf5 4. e3 e6 5. Nbd2 Bd6 6. Bxd6 Qxd6 7. c4 Nd7 8.
Qb3 Rb8 9. Be2 Ngf6 10. Qa4 Ra8 11. c5 Qc7 12. Nh4 O-O 13. Rc1 Rfe8 14. b4 a6
15. Qd1 g5 16. Nhf3 h6 17. Nb3 e5 18. Nfd2 e4 19. Nf1 Kg7 20. Ng3 Bg6 21. h4
Rh8 22. Kd2 Rag8 23. Qc2 Nf8 24. Rcg1 Ne6 25. Rh2 Nf4 26. Qd1 Nd3 27. Bxd3 exd3
28. Rgh1 h5 29. Qe1 g4 30. f3 Re8 31. Qf2 Re6 32. Re1 Ne4+ 33. fxe4 Rf6 34.
Nf5+ Bxf5 35. e5 1-0

[Event "VIII Open A"]
[Site "Vicenza ITA"]
[Date "2004.10.03"]
[Round "3"]
[White "Casciello, Dimitri"]
[Black "Zarpellon, Daniel"]
[Result "1-0"]
[WhiteElo "1856"]
[BlackElo "1985"]
[PlyCount "85"]
[EventDate "2004.10.02"]

1. e4 d6 2. d4 e5 3. dxe5 dxe5 4. Qxd8+ Kxd8 5. Nf3 f6 6. Bc4 c6 7. Nc3 Nd7 8.
a4 Bb4 9. Be3 Kc7 10. Ke2 Bc5 11. Rhd1 Bxe3 12. Kxe3 Nb6 13. Bb3 Bg4 14. a5 Nd7
15. Bc4 Ne7 16. b4 b6 17. b5 Nc5 18. bxc6 Rhd8 19. Nd5+ Nxd5+ 20. exd5 Kd6 21.
h3 Bxf3 22. Kxf3 f5 23. Rdb1 Rab8 24. axb6 axb6 25. Ra7 Rg8 26. c7 Rb7 27. Rxb7
Nxb7 28. Rxb6+ Kxc7 29. Rc6+ Kd7 30. Bb5 Nd6 31. Ba4 e4+ 32. Ke3 g5 33. g3 Rc8
34. Rxc8+ Kxc8 35. Kd4 Kc7 36. c4 f4 37. gxf4 gxf4 38. c5 Nb7 39. d6+ Kd8 40.
Bc6 Na5 41. Bxe4 Nb3+ 42. Kd5 Nd2 43. Bxh7 1-0

[Event "VIII Open A"]
[Site "Vicenza ITA"]
[Date "2004.10.03"]
[Round "3"]
[White "Cora', Massimo"]
[Black "Bdair, Bilal"]
[Result "1/2-1/2"]
[WhiteElo "1898"]
[BlackElo "2004"]
[PlyCount "35"]
[EventDate "2004.10.02"]

1. d4 Nf6 2. c4 e6 3. Nc3 Bb4 4. f3 c5 5. a3 Bxc3+ 6. bxc3 d6 7. e4 Nbd7 8. Bd3
b6 9. Ne2 O-O 10. O-O e5 11. d5 Re8 12. Bg5 Nf8 13. Qd2 h6 14. Be3 Ng6 15. Kh1
Rb8 16. g4 Nh7 17. Ng3 Ng5 18. Nf5 1/2-1/2

[Event "VIII Open A"]
[Site "Vicenza ITA"]
[Date "2004.10.03"]
[Round "3"]
[White "Dvirnyy, Danyyil"]
[Black "Lain, Luigi"]
[Result "0-1"]
[WhiteElo "2087"]
[BlackElo "2262"]
[PlyCount "80"]
[EventDate "2004.10.02"]

1. e4 e5 2. Nf3 Nc6 3. d4 exd4 4. Bc4 Nf6 5. O-O Nxe4 6. Re1 d5 7. Bxd5 Qxd5 8.
Nc3 Qh5 9. Nxe4 Be6 10. Bg5 Bb4 11. c3 dxc3 12. bxc3 Be7 13. Bxe7 Nxe7 14. Qa4+
Nc6 15. Rab1 Qa5 16. Qd1 Rd8 17. Qc2 O-O 18. Nfg5 Bf5 19. Rxb7 Rfe8 20. g4 Bg6
21. f4 h6 22. f5 Bxf5 23. Nxf7 Bxe4 24. Rxe4 Qc5+ 25. Kf1 Rxe4 26. Qxe4 Rf8 27.
Rxc7 Rxf7+ 28. Rxf7 Kxf7 29. a4 Ne5 30. Qb7+ Kg8 31. h3 Qc4+ 32. Kg1 Qe2 33.
Qc8+ Kh7 34. Qf5+ g6 35. Qf2 Qxf2+ 36. Kxf2 Kg7 37. Ke3 Kf6 38. Kd4 Ke6 39. c4
Kd6 40. c5+ Ke6 0-1

[Event "VIII Open A"]
[Site "Vicenza ITA"]
[Date "2004.10.03"]
[Round "3"]
[White "Faccia, Sergio"]
[Black "De Napoli, Giuseppe"]
[Result "0-1"]
[WhiteElo "2005"]
[BlackElo "2097"]
[PlyCount "120"]
[EventDate "2004.10.02"]

1. e4 g6 2. d4 Bg7 3. Be3 d6 4. Bd3 Nf6 5. f3 O-O 6. Ne2 Nc6 7. c3 a6 8. a4 b6
9. O-O e5 10. d5 Ne7 11. Qd2 Ne8 12. Bg5 f6 13. Bh4 f5 14. exf5 Bxf5 15. Bxf5
Rxf5 16. Ng3 Rf4 17. Bg5 Rf7 18. Ne4 Nf6 19. Nxf6+ Bxf6 20. Bxf6 Rxf6 21. Qd3
Qd7 22. Nd2 Qf5 23. Ne4 Rff8 24. b4 a5 25. b5 Rac8 26. Ra2 Qf7 27. Rd2 Qf4 28.
Re2 Qf5 29. Qd2 Kg7 30. Ng5 Nxd5 31. g4 Qf6 32. Nxh7 Kxh7 33. Qxd5 Kg7 34. Qc6
Rf7 35. Re4 Rcf8 36. Qc4 Qg5 37. Qe2 Qf6 38. Qe1 Qe6 39. Qg3 Qd5 40. g5 Qc5+
41. Kg2 Qxc3 42. Rh4 Rf5 43. Rf2 Qe3 44. Rg4 d5 45. h4 R8f7 46. Rf1 e4 47. f4
Qxg3+ 48. Kxg3 d4 49. Re1 Re7 50. Kf2 Rc5 51. h5 gxh5 52. Rh4 Kg6 53. Reh1 Rc2+
54. Kg3 Rc3+ 55. Kf2 Rf3+ 56. Ke2 d3+ 57. Kd2 Rf2+ 58. Ke3 Re2+ 59. Kd4 d2 60.
Rxh5 d1=Q+ 0-1